Statistics for ✨Mythical Creatures🐉 - Word Scramble

Click here to take the quiz!

General Stats

  • This quiz has been taken 41 times
    (40 since last reset)
  • The average score is 17 of 23

Answer Stats

HintAnswer% Correct
fleElf
100%
eas eprentsSea Serpent
94%
expiiPixie
90%
tiyeYeti
90%
fwardDwarf
87%
yirfaFairy
87%
pihexonPhoenix
87%
godnarDragon
81%
lortlTroll
81%
akilisbsBasilisk
77%
gmoleGolem
77%
bolingGoblin
74%
nakkerKraken
74%
fingfriGriffin
71%
nahbeesBanshee
65%
cscpolyCyclops
61%
susgapePegasus
61%
dramiemMermaid
58%
traunimoMinotaur
52%
nourincUnicorn
52%
tancureCentaur
48%
ewflorweWerewolf
48%
chunpearleLeprechaun
42%

Score Distribution

Percentile by Number Answered

Percent of People with Each Score

Your Score History

You have not taken this quiz since the last reset